000 00435nam a2200181Ia 4500
005 20240921120831.0
008 240921s9999||||xx |||||||||||||| ||und||
041 _aENGLISH
082 _A519 N8
100 _aSingaravelu A.
245 2 _aA Text Book of Engineering Mathematics
250 _a1st
260 _c1998
_bMeenakshi,T N,
500 _aMatrices
650 _aMathematics
_bMathematics
942 _cBK
999 _c247643
_d247643